000 00580nam a2200229Ia 4500
003 OSt
005 20220924143049.0
006 a|||||r|||| 00| 0
007 ta
008 220923b |||||||| |||| 00| 0 urd d
024 _a304561
037 _cTextual
040 _aARTS
_cARTS
_burd
041 _2urd
_aurd
082 _aO122,3M23,11, 168J0
100 _aFalabeer
_9214712
245 0 _aHadam bowari
260 _c1950
650 _aFRENCH LITERATURE
_913614
942 _hO122,3M23,11, 168J0
_cTEXL
_2CC
999 _c453059
_d453059